ARRUPE JESUIT UNIVERSITY

CORONAVIRUS -STOP THE SPREAD - CLEAN,DISINFECT,COVER

Aspects of industrial conflicts (Record no. 125530)

MARC details
000 -LEADER
fixed length control field 00614nam a22001577a 4500
005 - DATE AND TIME OF LATEST TRANSACTION
control field 20161017151455.0
008 - FIXED-LENGTH DATA ELEMENTS--GENERAL INFORMATION
fixed length control field 161017b xxu||||| |||| 00| 0 eng d
050 ## - LIBRARY OF CONGRESS CALL NUMBER
Classification number HD5660.T35N993
100 ## - MAIN ENTRY--PERSONAL NAME
Personal name Nyalali, F.L.
9 (RLIN) 26816
245 ## - TITLE STATEMENT
Title Aspects of industrial conflicts
Remainder of title a case study of trade dispute in Tanzania 1967-1973
Statement of responsibility, etc by Nyalali, F.L.
260 ## - PUBLICATION, DISTRIBUTION, ETC. (IMPRINT)
Place of publication, distribution, etc Kampala
Name of publisher, distributor, etc East African Literature Bureau
Date of publication, distribution, etc 1975
300 ## - PHYSICAL DESCRIPTION
Extent 219p.;
Dimensions 21cm.
650 ## - SUBJECT ADDED ENTRY--TOPICAL TERM
Topical term or geographic name as entry element Workers Council
Geographic subdivision Tanzania
General subdivision History
9 (RLIN) 26817
650 ## - SUBJECT ADDED ENTRY--TOPICAL TERM
Topical term or geographic name as entry element Industrial management
General subdivision Emloyee participation
-- Law and legislation
Geographic subdivision Tanzania
9 (RLIN) 26818
942 ## - ADDED ENTRY ELEMENTS (KOHA)
Source of classification or shelving scheme Library of Congress Classification
Item type Monograph ( Printed materials)
Holdings
Withdrawn status Lost status Source of classification or shelving scheme Damaged status Not for loan Collection code Home library Current library Shelving location Date acquired Total Checkouts Full call number Barcode Date last seen Price effective from Koha item type
    Library of Congress Classification     Main Collection ARRUPE LIBRARY ARRUPE LIBRARY Main Collection 17/10/2016   HD5660.T35N993 46500010787 08/05/2018 17/10/2016 Monograph ( Printed materials)

 

Arrupe Library. PO Box MP320 Mt Pleasant, Harare, Zimbabwe
263 242 745411|librarian@aju.ac.zw